Statistics for SML Characters

Click here to take the quiz!

General Stats

  • This quiz has been taken 159 times
    (8 since last reset)
  • The average score is 41 of 107

Answer Stats

HintAnswer% Correct
Mean Dad Of ^Braxton
100%
Man Who Has Every JobBrooklyn Guy
100%
Bully At Y U DUMB? Elementary SchoolBully
100%
Terrible ChefChef Pee Pee
100%
Goodman's ButlerChives
100%
Homosexual BoyCody
100%
Kid With A Pencil In His Nose/SML MascotJeffy
100%
Homeless African-American BoyJoseph
100%
Boy Who Wears A Bib With His Name On ItJunior
100%
Homosexual Boy's Doll/Boyfriend. The Human Version Of
Him Started In The Barbie Movie
Ken
100%
^s DadMarvin
100%
Super Rich Man And News ReporterMr. Goodman
100%
Crazy Kid Who Has SeizuresPatrick
100%
Daughter Of Brooklyn GuyPenelope Guy
100%
Son Of ^ (Ew Poor)Richard Goodman
100%
^s WifeRose
100%
Police Partner Of Brooklyn GuySimmons
100%
Black Dinosaur Who Loves Chicken And Kool-AidYa Boy Duggie
100%
Mean Mother Of Brooklyn GuyBarbra Guy
67%
Name Of Both A Dinosaur And Imaginary FriendBooger
67%
The DevilCraig The Devil
67%
Asian Teacher At Y U DUMB? Elementary SchoolJackie Chu
67%
Perverted Brother Of Brooklyn GuyJohnathan Guy
67%
Homosexual Boy's Mom Who Is Often Mocked About Her WeightJudy
67%
Wife Of Brooklyn GuyKaren Guy
67%
Man Who "Likes" ChildrenMr. Winkle
67%
Jeffy's Real MomNancy
67%
Coolest Kid In The World Who Always Wears PJ'sPJ Crenshaw
67%
Woman Who Investigates Crime Scenes With Brooklyn GuySusan Smith
67%
Homosexual Boy's Stepdad Who Is Also A RapperTyrone
67%
Bee Who Always Wins The Spelling BeeBeesley Spellington
33%
Man With A Surfboard Stuck To His HandBrad (With A Big D)
33%
Inmate Who Loves BootyBubbles
33%
Debt Collecting CamelCameel Habib Habab
33%
Titular Star Of "Charleyyy And Friends"Charleyyy
33%
Son Of Chef Pee Pee And Cody Made By The BBBBaby MachineChaz
33%
Mascot Of CheetosChester Cheetah
33%
Unhappy Kindergarten Teacher/WaitressClarissa Fitzpatrick
33%
Scary Talking BunnyEaster Bunny
33%
Puppet Controller Of RoseElaina
33%
Jeffy's SisterFeebee
33%
Illegal Mexican ImmigrantFelipe
33%
Friendly Kid In KindergartenFreddy
33%
Entity That Kills People In Their Dreams; Part Of The Monster Mash Music VideoFreddy Krueger
33%
Creator Of The UniverseGod
33%
Famous British Chef Who Loves To Make Lobster Tails And Yell JESUS CHRIST!Gordon Ramsay
33%
McDonalds Mascot Who Kills People For Drinking His MilkshakeGrimace
33%
Friendly Neighbor Who Loves To Win The Award For "Best Lawn Of The Year"Hank Huckerdoo
33%
Homeless ManHansel
33%
British Foreign-Exchange StudentHarry
33%
The Son Of Jackie ChuJackie Twu
33%
Girl With Very Wobbly KneesJenny Wobble-Knees
33%
Son Of Chef Pee Pee And Junior Made By The BBBBaby MachineJunior Junior
33%
Puppet Controller Of JeffyLance
33%
Eccentric And Violent Boy Who Used To Be A MushroomLil' T
33%
Sea Creature Who Scams PeopleLoan Dolphin
33%
Puppet Controller Of MarvinLogan
33%
Puppet Controller Of JosephLovell
33%
Australian Actress Who Plays BarbieMargot Robbie
33%
Goodman's Wife Who Looks Exactly Like HimMrs. Goodman
33%
Junior's Annoying British Twin BrotherNigel
33%
Female Japanese Siamese TwinsPing And Pong
33%
Puppet Controller Of Brooklyn Guy/The Honorable JudgePooby
33%
Evil Principal At Y U Dumb Elementary SchoolPrincipal Steinbeck
33%
Mascot/CEO Of McDonald'sRonald McDonald
33%
Former Coolest Kid In The WorldRoy
33%
^'s Monkey PartnerSandals The Monkey
33%
Jeffy’s CloneScooter
33%
Clown Who Gives Out "Free Candy" To KidsScrewball
33%
Business Man And Hollywood Talent AgentSteve Staleburger
33%
Daughter Of ^Susie Huckerdoo
33%
Brother Of ^Timmy Huckerdoo
33%
Old Man With A Tuna Fish ObsessionTuna Fish Terry
33%
Kid Who Faked His Own Death In A WoodchipperTyler
33%
Rip-Off Of Dora The ExplorerWindowa The Explorer
33%
Puppet Used By "Jigsaw" To Warn His Victims Of Upcoming Traps;
Part Of The Monster Mash Music Video
Billy
0%
Sister Of ^Charlene
0%
Native American Who Makes Bets With GoodmanChief Watchupee (Greg)
0%
Serial Killer Who Used Voodoo To Transfer His Soul Into A Good Guys Doll;
Part Of The Monster Mash Music Video
Chucky
0%
Weed Smoking HippieCrush
0%
Valley Girl HookerCrystal
0%
Non-Verbal Autistic Kid Who Only Likes The Word "Bear"Daryl Steinbeck
0%
Male Counterpart Of ^Ding And Dong
0%
The Creation Of Dr. Victor Frankenstein; Part Of The Monster Mash Music VideoFrankenstein’s Monster
0%
Frog Who Wants To Kill All HumansFroger
0%
Homosexual Boy's Real DadGary
0%
Chef Pee Pee's Gay CousinGay Tony
0%
Masked Killer Who Often Calls His Victims Before Killing Them;
Part Of The Monster Mash Music Video
Ghostface
0%
PJ Crenshaw FangirlHeidi
0%
Famous Painter And Jeffy's Real DadJacques Pierre François
0%
Kid That Drowned At Camp Crystal Lake Who Later Became A Masked Murderer;
Part Of The Monster Mash Music Video
Jason Voorhees
0%
Mentally Disabled Man From A Family Of Cannibals Who Often Wields A Chainsaw;
Part Of The Monster Mash Music Video
Leatherface
0%
Lunch Lady Who Makes Meat Slop SupriseLunch Lady Muriel
0%
PJ Crenshaw FangirlMaria
0%
Rapper/Serial KillerMC Bloodstain
0%
Kid Who Murdered His Sister And Was Placed In An Asylum For 15 Years Before
Breaking Out And Vowing To Kill His Whole Family;
Part Of The Monster Mash Music Video
Michael Myers
0%
Kindergarten BullyMikey Gerard Tyson
0%
Brooklyn Guy's DadMr. Guy
0%
Nurse At The HospitalNurse Jackie
0%
Goodman's Mexican MaidPatricia
0%
Evil Clown-Like Entity That Takes The Form Of What His Child Victims Fear Most;
Part Of The Monster Mash Music Video
Pennywise (It)
0%
Prince Of DubaiPrince Abu Dhabi
0%
Brooklyn Guy's High School BullyRandy Tyson
0%
Girl Who Appears Out Of A TV Due To A Cursed Videotape;
Part Of The Monster Mash Music Video
Samara Morgan
0%
Wife Of ^Suzanne Huckerdoo
0%
Famous Country SingerTrailer Park Danny
0%
Criminal Who Pretended To Be Santa ClauseVick
0%

Score Distribution

Percentile by Number Answered

Percent of People with Each Score

Your Score History

You have not taken this quiz since the last reset